000 00427pab a2200157 454500
008 180718b2010 xxu||||| |||| 00| 0 eng d
100 _aPatra, Adity Kumar
245 _aIndustrialization in the Odisha economy: A reality check with the help of linkage analysis
260 _c2010
300 _ap.107-118.
362 _aSep
650 _aIndustrialization
773 _aMan and Development
908 _aN
909 _a89341
999 _c89341
_d89341